| 000 | 00000nam##2200000za#4500 |
| 001 | 9.581562 |
| 003 | CaOODSP |
| 005 | 20210624191557 |
| 007 | cr ||||||||||| |
| 008 | 150406|2015||||xxc|||||o f|0| 0 eng|d |
| 040 | |aCaOODSP|beng |
| 043 | |an-cn--- |
| 086 | 1 |aRv55-5/2-5-6-2015E-PDF |
| 110 | 2 |aCanada Border Services Agency. |
| 245 | 10|aAircrew reporting |h[electronic resource] |
| 260 | |bCanada Border Services Agency |
| 300 | |a3p. |
| 490 | 1 |aCustoms D memoranda. D2, International travel |vD2-5-6, February 25, 2015 |
| 500 | |a"Superseded Memorandum D: D2-5-6 dated February 2, 2006". |
| 590 | |a15-10|b2015-03-06 |
| 775 | 08|tDéclaration par les équipes d'un aéronef |w(CaOODSP)9.608340 |
| 830 | #0|aCustoms D memoranda. D2, International travel ;|vD2-5-6, February 25, 2015|w(CaOODSP)9.816825 |
| 856 | 40|ahttp://publications.gc.ca|qPDF|s50 KB|uhttps://publications.gc.ca/collections/collection_2015/asfc-cbsa/Rv55-5-2-5-6-2015-eng.pdf|yD2-5-6, February 25, 2015 |